00467 2200193 4500001002100000005001500021008004100036020002200077035001900099041000700118082000800125090001400133100001700147245002400164260003000188300003000218500001000248650001500258INLIS00000000000192620241224112436241224||||||||| | ||| |||| || |  a978-602-255-328-1 0010-1224001926 aid0 a510 a510 PAK t0 aPakar Tentor00aTabel Matematika SD aJogjakartabLaksanac2013 a123 hlm. : ilus, ; 22 cm. aCet.1 0aIlmu Murni